El escorpión /

I tiakina i:
Ngā taipitopito rārangi puna kōrero
Kaituhi matua: García Viñó, Manuel (autor)
Hōputu: Pukapuka
Reo:Pāniora
I whakaputaina: Madrid, España : Guadarrama, 1969, c1969
Rangatū:(Colección Universitaria de Bolsillo Punto Omega ; 70)
Ngā marau:
Ngā Tūtohu: Tāpirihia he Tūtohu
Kāore He Tūtohu, Me noho koe te mea tuatahi ki te tūtohu i tēnei pūkete!

MARC

LEADER 00000nam^a2200000^a^4500
001 000303778
005 20250521000000.0
008 100921 19691969
009 20260310112658.412
037 |a Acervo Xavier Clavigero 
041 |a ESP 
082 |a 863.  |b GAR 
100 |a García Viñó, Manuel  |e (autor) 
245 1 3 |a El escorpión /  |c M. García Viñó. 
264 4 |a Madrid, España :  |b Guadarrama,  |c 1969, c1969 
300 |a 217 p. 
336 |a texto  |b txt  |2 rdacontenido 
337 |a sin mediación  |b n  |2 rdamedio 
338 |a volumen  |b nc  |2 rdasoporte 
440 1 |a (Colección Universitaria de Bolsillo Punto Omega ;  |v 70) 
649 |a XX 
650 |a Novela Española 
650 |a Literatura Española -  |y Siglo XX 
650 |a Literatura Policíaca y de Misterio -  |z España 
910 |a Fondo General 
920 |a Impresos - Libros 
930 |a Colección General 
940 |a Literatura 
905 |a 101 
901 |a 018390  |b IT1  |c LIT  |u 20250521 
902 |a https://opac.biblio.iteso.mx/vufind/Record/000303778